| 000 | 02910nam a22003137i 4500 | ||
|---|---|---|---|
| 001 | 768714001 | ||
| 003 | CO-MdFUSB | ||
| 005 | 20260224221005.0 | ||
| 007 | cr aa aaaaa | ||
| 008 | 180403s2023 ck ||||| |||| 00| 0 spa dd | ||
| 040 |
_aCO-MdFUSB _bEspañol _cCO-MdFUSB _dCO-MdFUSB |
||
| 041 | _aspa | ||
| 043 | _ack | ||
| 100 |
_aGuevara Cifuentes, Stefany Xiomara, _eautor |
||
| 245 |
_aLa soledad en Jeremías y Jesús : _cun puente al Evangelio _b/ Stefany Xiomara Guevara Cifuentes ; asesorado por Milton Acosta |
||
| 264 | 1 |
_aMedellín, Colombia : _bFUSBC, _c2023 |
|
| 300 | _aRecurso electrónico | ||
| 336 |
_2rdacontent _atexto _btxt |
||
| 337 |
_2rdamedia _ainformático _bc |
||
| 338 |
_2rdacarrier _aremoto _bcr |
||
| 502 |
_aTrabajo de grado _b(Teología) -- _cFundación Universitaria Seminario Bíblico de Colombia, _d2023 |
||
| 504 | _aBibliografía (página 61) | ||
| 505 | _aLa soledad del profeta Jeremías. -- La soledad de Jesús. -- Aprendizajes para quienes experimentan soledad desde algunos ejemplos bíblicos. -- | ||
| 520 | _aEl trabajo de investigación es una monografía que estudia la soledad que atravesaron el profeta Jeremías y Jesús. Frente al primero, se analiza la soledad que vivió y que registró en las confesiones que él hizo, abordando las causas de dicha soledad. En el caso de Jesús, paralelamente se abordan las razones que lo llevaron a la soledad estando tanto en el huerto de Getsemaní a punto de enfrentar la muerte, como en la cruz. Lo anterior, con el propósito de caracterizar los aprendizajes que se desprenden del manejo de la soledad en Jeremías y Jesús, para así describir herramientas a partir de las cuales comunicar el Evangelio de Jesús al oyente actual que vive soledad y en donde puede encontrar esperanza. Esto, teniendo en cuenta que la soledad se ha convertido en un problema de salud pública por cuanto genera implicaciones a nivel mental, físico y emocional de las personas que la experimentan en el tiempo presente y que debe ser atendida por diferentes actores sociales. Estudiar la soledad vivida por Jeremías y Jesús permite evidenciar los recursos que emplearon para enfrentar esta situación, a saber: acudir al lamento por medio de la oración y a la revelación divina como canal para moldear los pensamientos y sentimientos. A estos recursos también pueden acudir quienes atraviesen la soledad, para adquirir de ellos, los mismos beneficios que ayudaron en medio del dolor a Jeremías y Jesús. Este trabajo es resultado del estudio bíblico, la revisión y análisis de documentos académicos y teológicos, informes científicos y periodísticos que contribuyen a reflexionar sobre la soledad y cómo abordar esta situación desde la fe cristiana. | ||
| 650 | 7 |
_aSoledad _xAspectos religiosos _97238 |
|
| 700 |
_aAcosta, Milton _993 |
||
| 856 | _uhttps://repositorio.repci.co/handle/123456789/682 | ||
| 942 | _cTG | ||
| 999 |
_c69322 _d69322 |
||